Statistics for WWE Royal Rumble 2012 Entrants Quiz

Click here to take the quiz!

General Stats

  • This quiz has been taken 91 times
  • The average score is 19 of 30

Answer Stats

EN Answer EL % Correct
28Randy Orton28
91%
22SheamusW
90%
18Dolph Ziggler26
90%
29Chris Jericho29
88%
30Big Show27
88%
1The Miz25
83%
3R-Truth2
78%
4Cody Rhodes24
76%
11Kofi Kingston18
76%
12Jerry Lawler9
71%
26Wade Barrett21
67%
25Jack Swagger23
67%
15The Great Khali14
67%
17Booker T13
64%
21Kharma17
62%
2Alex Riley1
62%
20Michael Cole15
62%
9Santino Marella7
62%
16Hunico16
57%
7Mick Foley8
52%
14Jinder Mahal10
50%
27David Otunga22
47%
5Justin Gabriel4
43%
6Primo3
41%
10Epico6
40%
24Jey Uso20
38%
8Ricardo Rodriguez5
38%
13Ezekial Jackson11
36%
19"Hacksaw" Jim Duggan12
36%
23Road Dogg19
33%

Score Distribution

Percentile by Number Answered

Percent of People with Each Score

Your Score History

You have not taken this quiz